000 00672nam a2200193 a 4500
001 000042783
005 20201002040408.0
008 140210s1995 sp 000 0 spa d
020 _a8489365172
040 _aDO-SdBNP
_bspa
_cBNPHU
245 0 3 _aEl Camino de Santiago /
_cdirigido por, Luis Blanco Vila.
260 _aMadrid :
_bComplutense,
_c1995.
300 _a98 p. ;
_c24 cm.
490 1 _aCursos de verano de El Escorial
_v93-94
504 _aIncluye referencias bibliográficas y notas al pie de las páginas
700 1 _aBlanco Vila, Luis
_970127
710 2 _aUniversidad Complutense de Madrid
_970128
830 0 _aCursos de verano de El Escorial
_v93-94
_970129
999 _c42272
_d42272